000 00369nam a2200157Ia 4500
008 200305s9999 xx 000 0 und d
020 _a978-93-272-3954-6
082 _a658.3
082 _bGUH
100 _aGUPTA SHASHI KUMAR
245 _aHUMAN RESOURCE MANAGEMENT
260 _aNEW DELHI
_bKALYANI PUB
300 _a21.9
650 _aMANAGEMENT
999 _c36885
_d36885
041 _aeng